Expose elementaire de calcul vectoriel et de quelques applications
Αποθηκεύτηκε σε:
| Κύριος συγγραφέας: | |
|---|---|
| Μορφή: | Βιβλίο |
| Γλώσσα: | French |
| Δημοσίευση: |
Paris :
Gauthier-Villars,
1927
|
| Θέματα: | |
| Ετικέτες: |
Προσθήκη ετικέτας
Δεν υπάρχουν, Καταχωρήστε ετικέτα πρώτοι!
|
MARC
| LEADER | 00000cam a2200000 i 4500 | ||
|---|---|---|---|
| 001 | 1/101735 | ||
| 008 | 090225s1927 fre d | ||
| 035 | |l 10103384 | ||
| 040 | |a GR-MY-UA |b gre |e aacr | ||
| 041 | 0 | |a fre | |
| 082 | 0 | |a 515.63 |2 (22) | |
| 100 | 1 | |a Malet, Henri. | |
| 245 | 1 | 0 | |a Expose elementaire de calcul vectoriel et de quelques applications / |c par Henri Malet ; avec une preface de M. Maurice d'Ocagne |
| 260 | |a Paris : |b Gauthier-Villars, |c 1927 | ||
| 300 | |a vii, 69 σ.; |c 21 εκ. | ||
| 650 | 0 | 0 | |a Vector analysis. |
| 852 | |a INST |b SAMOS |c MAG |e 20090225 |h 515.63 MAL |p 005300029259 |q 005300029259 |t BK |y 0 | ||
| 901 | |a BIBL3-2009-1 | ||
| 909 | |a Σ |b 155725 | ||
| 970 | |a ΣΙΤΖΙΜΗ |b ΓΙΑΣΕΜΗ |z 2009/02/25 | ||